000 00657 a2200205 4500
003 CBULib
005 20240122091028.0
008 240122b |||||||| |||| 00| 0 eng d
040 _aCBULib
_beng
_cCBULib
_dCBULib
_erda
041 _aEng
050 _aCBU-PGTHESIS/ONE
100 _aOnesi, Marriam
245 _aAssessment of medical and dietary therapy compliance among diabetes patients in Kitwe, Zambia
_cby/Marriam Onesi
260 _bCopperbelt University
_c2023
_aKitwe
300 _aViii,74pages: illustrations
336 _2rdacontent
_aText |
_btxt
337 _2rdamedia
_aUnmediated |
_bn
338 _2rdacarrier
_aVolume
_bnc
942 _2mc
_c030
999 _c84197
_d84197